Behavioral characterization of triple-hit schizophrenia-like Lisket rats derived from the Long Evans strain through acute and chronic behavioral tests

Elmentve itt :
Bibliográfiai részletek
Szerzők: Zöldi Anna
Körmöczi László Ádám
Plesz Szonja Bianka
Adlan Leatitia Gabriella
Kékesi Gabriella
Liszli Péter
Nyúl László Gábor
Braunitzer Gábor
Horváth Gyöngyi
Dokumentumtípus: Cikk
Megjelent: 2025
Sorozat:FRONTIERS IN PSYCHIATRY 16
Tárgyszavak:
doi:10.3389/fpsyt.2025.1601714

mtmt:36366436
Online Access:http://publicatio.bibl.u-szeged.hu/39550
LEADER 01112nab a2200301 i 4500
001 publ39550
005 20260305101229.0
008 260305s2025 hu o 000 eng d
022 |a 1664-0640 
024 7 |a 10.3389/fpsyt.2025.1601714  |2 doi 
024 7 |a 36366436  |2 mtmt 
040 |a SZTE Publicatio Repozitórium  |b hun 
041 |a eng 
100 1 |a Zöldi Anna 
245 1 0 |a Behavioral characterization of triple-hit schizophrenia-like Lisket rats derived from the Long Evans strain through acute and chronic behavioral tests  |h [elektronikus dokumentum] /  |c  Zöldi Anna 
260 |c 2025 
300 |a 15 
490 0 |a FRONTIERS IN PSYCHIATRY  |v 16 
650 4 |a Általános orvostudomány 
700 0 1 |a Körmöczi László Ádám  |e aut 
700 0 1 |a Plesz Szonja Bianka  |e aut 
700 0 1 |a Adlan Leatitia Gabriella  |e aut 
700 0 1 |a Kékesi Gabriella  |e aut 
700 0 1 |a Liszli Péter  |e aut 
700 0 1 |a Nyúl László Gábor  |e aut 
700 0 1 |a Braunitzer Gábor  |e aut 
700 0 1 |a Horváth Gyöngyi  |e aut 
856 4 0 |u http://publicatio.bibl.u-szeged.hu/39550/1/36366436_fpsyt-16-1601714.pdf  |z Dokumentum-elérés